A serdülőkori személyiségfejlődés vizsgálata családban nevelkedett és állami gondozott gyerekek körében különböző mutatók mentén

Elmentve itt :
Bibliográfiai részletek
Szerző: Szekeres Diána
További közreműködők: Kőrössy Judit (Témavezető)
Dokumentumtípus: Szakdolgozat
Megjelent: 2020
Tárgyszavak:
Online Access:http://diploma.bibl.u-szeged.hu/108988
LEADER 00875nta a2200193 i 4500
001 dipl108988
005 20210322152049.0
008 210317s2020 hu om 0|| zxx d
040 |a SZTE Diploma Repozitórium  |b hun 
041 |a zxx 
100 1 |a Szekeres Diána 
245 1 2 |a A serdülőkori személyiségfejlődés vizsgálata családban nevelkedett és állami gondozott gyerekek körében különböző mutatók mentén  |h [elektronikus dokumentum] /  |c Diána Szekeres 
246 1 0 |a Examining of puberal personality development among stated cared and raised in family children along different indicators.  |h [elektronikus dokumentum] 
260 |c 2020 
650 4 |a Bölcsészettudományok 
650 4 |a Social sciences 
650 4 |a Psychology 
700 1 |a Kőrössy Judit  |e ths 
856 4 0 |u http://diploma.bibl.u-szeged.hu/id/eprint/108988/1/2020_szekeres_diana.pdf  |z Dokumentum-elérés